000 01434cas a22003977a 4500
001 15015429
005 20130321115107.0
006 m
007 c
008 050614c19979999ii tr pss 0 a0eng d
010 _a 2007214801
022 _a1940-1175
_y0971-8524
_21
035 _a(OCoLC)ocm60626801
040 _aOCLCS
_cOCLCS
_dNSD
042 _ansdp
130 _aGender, technology and development (Online)
222 _aGender, technology and development
245 _aGender, technology and development
260 _aNew Delhi :
_bSage
300 _av.
_c24 cm
310 _aThree times a year
362 _aPrint began with v. 1, no. 1 (Jan.-Apr. 1997.
500 _aDescription based on print version record.
500 _aLatest issue consulted: Vol. 11, no. 1 (Mar. 2007); viewed publisher's website Sept. 20, 2007.
530 _aAlso online
538 _aMode of access: World Wide Web.
550 _aIssued by the Asian Institute of Technology.
650 _aWomen
_xEmployment
_xEffect of technological innovations on
_vPeriodicals.
650 _aTechnological innovations
_xSocial aspects
_vPeriodicals.
710 _aAsian Institute of Technology.
776 _tGender, technology and development
_x0971-8524
_w(DLC)sn 98044608
_w(OCoLC)39721161
856 _ugtd.sagepub.com
906 _a7
_bibc
_cserials
_du
_encip
_f20
_gn-oclcserc
942 _2ddc
_cSR
_s1
999 _c26985
_d26985